Bhakti andolan aur nipun kranti (Record no. 1678804)

MARC details
000 -LEADER
fixed length control field 00293 a2200121 4500
000 - LEADER
fixed length control field nam a22 7a 4500
005 - DATE AND TIME OF LATEST TRANSACTION
control field 20260206124123.0
020 ## - INTERNATIONAL STANDARD BOOK NUMBER
International Standard Book Number 9788197824791
100 ## - MAIN ENTRY--PERSONAL NAME
Personal name Kanwal Bharti
9 (RLIN) 1114226
245 ## - TITLE STATEMENT
Title Bhakti andolan aur nipun kranti
260 ## - PUBLICATION, DISTRIBUTION, ETC.
Name of publisher, distributor, etc. Swaraj
Date of publication, distribution, etc. 2025
942 ## - ADDED ENTRY ELEMENTS (KOHA)
Koha item type Textual
Holdings
Withdrawn status Lost status Source of classification or shelving scheme Damaged status Not for loan Home library Current library Date acquired Source of acquisition Cost, normal purchase price Inventory number Total Checkouts Barcode Date last seen Cost, replacement price Price effective from Koha item type
    Colon Classification (CC)   Ordered South Campus Library South Campus Library 2026-02-07 122 556.00 NKP-1069 & 08/12/2025   SC1809354 2026-02-07 695.00 2026-02-07 Textual
Copyright @ Delhi University Library System